[Event "Seville op 47th"]
[Site "Seville"]
[Date "2022.07.16"]
[Round "1"]
[White "Cardoso Cardoso, Jose Gabriel"]
[Black "Godino Benitez, Miguel"]
[Result "1-0"]
[WhiteElo "2493"]
[BlackElo "1843"]
[PlyCount "61"]
[EventDate "2022.07.16"]
[EventType "swiss"]
[EventRounds "9"]
[EventCountry "ESP"]
[SourceTitle "CBM 209 Extra"]
[Source "ChessBase"]
[SourceDate "2022.09.30"]
[SourceVersion "1"]
[SourceVersionDate "2022.09.30"]
[SourceQuality "1"]

1. e4 c5 2. Nf3 Nc6 3. d4 cxd4 4. Nxd4 g6 5. c4 Bg7 6. Be3 Nf6 7. Nc3 d6 8. Be2 0-0 9. 0-0 Bd7 10. h3 Nxd4 11. Bxd4 Ne8 12. Qd2 Nc7 13. Rad1 Bxd4 14. Qxd4 Ne6 15. Qd2 Bc6 16. b4 b6 17. f4 f5 18. exf5 gxf5 19. Bf3 Bxf3 20. Rxf3 Rf7 21. Nd5 Ng7 22. Qd4 e6 23. Ne3 Rd7 24. c5 bxc5 25. bxc5 Qa5 26. cxd6 Rad8 27. Rg3 Qb6 28. Qf6 Rf7 29. Qxe6 Kf8 30. Qh6 Re8 31. Qxh7 1-0

[Event "Seville op 41st"]
[Site "Seville"]
[Date "2016.01.08"]
[Round "1"]
[White "Lei, Tingjie"]
[Black "Godino Benitez, Miguel"]
[Result "1-0"]
[WhiteElo "2474"]
[BlackElo "1825"]
[PlyCount "51"]
[EventDate "2016.01.08"]
[EventType "swiss"]
[EventRounds "9"]
[EventCountry "ESP"]
[SourceTitle "CBM 170 Extra"]
[Source "ChessBase"]
[SourceDate "2016.02.25"]
[SourceVersion "1"]
[SourceVersionDate "2016.02.25"]
[SourceQuality "1"]

1. c4 Nf6 2. g3 e5 3. Bg2 d5 4. cxd5 Nxd5 5. Nc3 Nb6 6. Nf3 Nc6 7. 0-0 Be7 8. d3 Be6 9. a3 a5 10. Be3 Nd5 11. Nxd5 Bxd5 12. Qa4 0-0 13. Rfc1 Qd7 14. Nxe5 Nxe5 15. Qxd7 Nxd7 16. Bxd5 c6 17. Bg2 Bf6 18. Rab1 Rfe8 19. b4 a4 20. b5 cxb5 21. Rxb5 Rac8 22. Rxc8 Rxc8 23. Rxb7 Ne5 24. Bd5 Ng4 25. Bxf7+ Kh8 26. Be6 1-0

[Event "Seville-ch"]
[Site "Seville"]
[Date "2013.01.26"]
[Round "1"]
[White "Godino Benitez, Miguel"]
[Black "Fernandez Rodriguez, Jose Antonio"]
[Result "0-1"]
[WhiteElo "1842"]
[BlackElo "2243"]
[PlyCount "96"]
[EventDate "2013.01.26"]
[EventType "swiss"]
[EventRounds "6"]
[EventCountry "ESP"]
[SourceTitle "EXT 2014"]
[Source "ChessBase"]
[SourceDate "2013.11.20"]
[SourceVersion "1"]
[SourceVersionDate "2013.11.20"]
[SourceQuality "1"]

1. Nf3 f5 2. e3 Nf6 3. d4 g6 4. c4 Bg7 5. Nc3 d6 6. Be2 0-0 7. 0-0 Nc6 8. Ne1 e5 9. d5 Ne7 10. Qc2 g5 11. f4 gxf4 12. exf4 e4 13. g3 Bd7 14. Ng2 Qe8 15. Ne3 a6 16. a4 h5 17. Ncd1 Qg6 18. Ng2 Ng4 19. h3 Bd4+ 20. Kh1 Nf6 21. Ra3 Bc5 22. Nh4 Qh6 23. Ra2 Ng6 24. Nxg6 Qxg6 25. Be3 Kh7 26. Bxc5 Qxg3 27. Ra3 Qh4 28. Bf2 Qxf4 29. Bd4 Qh6 30. Qc3 f4 31. Rg1 Ng4 32. Nf2 e3 33. Nxg4 hxg4 34. Rg2 g3 35. Qc2+ Bf5 36. Bd3 Qxh3+ 37. Kg1 f3 38. Bxe3 fxg2 39. Qxg2 Qxg2+ 40. Kxg2 Bxd3 41. Rxd3 Rae8 42. b4 Re4 43. c5 Rxb4 44. cxd6 cxd6 45. Rc3 Rf5 46. Rc7+ Kg6 47. a5 Rxd5 48. Rc8 Rxa5 0-1

[Event "Seville op 38th"]
[Site "Seville"]
[Date "2013.01.11"]
[Round "1"]
[White "Godino Benitez, Miguel"]
[Black "Roy Chowdhury, Saptarshi"]
[Result "0-1"]
[WhiteElo "1834"]
[BlackElo "2451"]
[PlyCount "68"]
[EventDate "2013.01.11"]
[EventType "swiss"]
[EventRounds "9"]
[EventCountry "ESP"]
[SourceTitle "CBM 152 Extra"]
[Source "ChessBase"]
[SourceDate "2013.02.25"]
[SourceVersion "1"]
[SourceVersionDate "2013.02.25"]
[SourceQuality "1"]

1. d4 e6 2. Nf3 b6 3. Nbd2 Bb7 4. c3 Nf6 5. Qc2 d6 6. g3 Nbd7 7. Bg2 Be7 8. 0-0 c5 9. e4 cxd4 10. Nxd4 Qc8 11. Re1 g6 12. Nf1 e5 13. Nb3 h5 14. Bg5 Nf8 15. f4 N8h7 16. fxe5 dxe5 17. Bxf6 Nxf6 18. Ne3 h4 19. Nd5 hxg3 20. Nxf6+ Bxf6 21. h3 Bc6 22. Rad1 Bd7 23. Rxd7 Qxd7 24. Rd1 Qe6 25. Qe2 Rd8 26. Rd5 Be7 27. Qb5+ Kf8 28. Qe2 Kg7 29. c4 Rh4 30. Rxd8 Bxd8 31. Nd2 Be7 32. a3 a5 33. Qf3 Bc5+ 34. Kf1 Rf4 0-1